| 000 | 00368nam a2200145 i 4500 | ||
|---|---|---|---|
| 001 | bg | ||
| 100 | 1 | _aLISOWSKI, J. L. | |
| 245 | 0 |
_aEkonomika budownictwa : _bzagadnienia wybrane / _cJ.L. Lisowski, A. Borowik. |
|
| 260 |
_aBiaĆystok, _c1983. |
||
| 700 | 1 | _aBOROWIK, A. | |
| 040 | _cBPK | ||
| 041 | _apol | ||
| 942 | _cKS | ||
| 008 | s pl f |000 0 pol | ||
| 999 |
_c22052 _d22052 |
||
| 856 |
_uhttp://koha.tu.koszalin.pl/cgi-bin/koha/opac-detail.pl?biblionumber=22052 _yKatalog online BPK |
||